[Event "Sotra Varturneringen"]
[Site "Sotra"]
[Date "2002.01.17"]
[Round "1"]
[White "Garmannslund, Vidar"]
[Black "Frimanslund, Berge"]
[Result "1-0"]
[WhiteElo "1544"]
[BlackElo "824"]
[PlyCount "47"]
[EventDate "2002.01.??"]
[EventType "swiss"]
[EventRounds "10"]
[EventCountry "NOR"]
[SourceTitle "EXT 2006"]
[Source "ChessBase"]
[SourceDate "2005.11.24"]
[SourceVersion "1"]
[SourceVersionDate "2005.11.24"]
[SourceQuality "1"]

1. d4 d5 2. e4 dxe4 3. Nc3 Nf6 4. f3 exf3 5. Nxf3 Bg4 6. h3 Bxf3 7. Qxf3 c6 8. Be3 e6 9. 0-0-0 Bb4 10. Ne4 Nbd7 11. Bd3 Be7 12. Rhf1 0-0 13. g4 Nd5 14. Bd2 e5 15. g5 Nf4 16. Bxf4 exf4 17. Qxf4 f5 18. gxf6 Nxf6 19. Kb1 Qxd4 20. Nxf6+ Qxf6 21. Qc4+ Kh8 22. Rxf6 Rxf6 23. Qe4 Bc5 24. Qxh7# 1-0

[Event "Sotra op"]
[Site "Sotra"]
[Date "2001.09.06"]
[Round "2"]
[White "Garmannslund, Vidar"]
[Black "Brattetveit, Kenneth"]
[Result "1-0"]
[WhiteElo "1533"]
[BlackElo "1717"]
[PlyCount "137"]
[EventDate "2001.09.??"]
[EventType "swiss"]
[EventRounds "9"]
[EventCountry "NOR"]
[SourceTitle "EXT 2005"]
[Source "ChessBase"]
[SourceDate "2004.11.15"]
[SourceVersion "1"]
[SourceVersionDate "2004.11.15"]
[SourceQuality "1"]

1. Nf3 d5 2. g3 c5 3. Bg2 Nc6 4. 0-0 Nf6 5. d3 e5 6. c3 Bd6 7. Nbd2 0-0 8. Qc2 Bg4 9. e4 d4 10. Nc4 Bc7 11. a4 Qd7 12. Bg5 Nh5 13. Qe2 h6 14. Bc1 Nf6 15. Qc2 Rad8 16. Ne1 Nh5 17. f3 Bh3 18. Qe2 Bxg2 19. Kxg2 Nf6 20. h3 Nh7 21. g4 a6 22. a5 Qe7 23. Nb6 Bxb6 24. axb6 Qe6 25. f4 f6 26. f5 Qd6 27. Qc2 Nb8 28. Qb3+ Rf7 29. c4 Nd7 30. Bd2 Qxb6 31. Qc2 Qc6 32. Nf3 b5 33. cxb5 axb5 34. Rfc1 Rc8 35. Ra5 c4 36. Rca1 Nb6 37. Rc1 Ng5 38. Nh4 Rfc7 39. Ng6 cxd3 40. Qxc6 Rxc6 41. Rxc6 Rxc6 42. Ne7+ Kh7 43. Nxc6 Nxe4 44. Rxb5 Nc4 45. Ne7 Nexd2 46. Rb8 Ne3+ 47. Kh1 Nxg4 48. hxg4 h5 49. g5 Ne4 50. Ng6 Ng3+ 51. Kg2 Nxf5 52. Nf8+ Kg8 53. g6 Nh4+ 54. Kf2 Nxg6 55. Nxg6+ Kf7 56. Nf4 exf4 57. Rd8 Ke6 58. Rxd4 Ke5 59. Rxd3 g5 60. b4 g4 61. b5 Ke4 62. Rd6 g3+ 63. Kg2 Ke5 64. Rxf6 Kxf6 65. b6 Kg5 66. Kf3 h4 67. b7 h3 68. b8Q h2 69. Qxf4+ 1-0